00675 a2200193 4500999001900000005001700019010001500036020003100051035001400082037001300096082001000109245006600119260003000185270006900215300002200284700002600306942002900332952012000361 c183490d18349020211227122428.0 aENG-130671 a978-93-5290-875-2c1195.00 aEN-114203 bDBAD/PUB a891.4 aCaste and Life Narratives:cEdited by S. Shankar, Charu Gupta aDelhibPrimus Booksc2019 aVirat Bhawan, Mukherjee Nagar, Commercial ComplexbDelhie110009 a313p.c24cm (hbk) aEdited by Charu Gupta adplcEN2ddch891.4mCAS 001040708NFICaMbMd2021-12-27eDBAD/PUBg1195.00l0o891.4 CASpEN-114203r2021-12-27 00:00:00t1v1195.00yEN